Incentives and effort in the public and private sector (Record no. 526601)

000 -LEADER
fixed length control field 01465nam a22001457a 4500
008 - FIXED-LENGTH DATA ELEMENTS--GENERAL INFORMATION
fixed length control field 240613b ||||| |||| 00| 0 eng d
100 ## - MAIN ENTRY--PERSONAL NAME
Personal name Triest, Sander van
245 ## - TITLE STATEMENT
Title Incentives and effort in the public and private sector
260 ## - PUBLICATION, DISTRIBUTION, ETC. (IMPRINT)
Place of publication, distribution, etc Public Administration Review
300 ## - PHYSICAL DESCRIPTION
Extent 84(2), Mar-Apr, 2024: p.233-247
520 ## - SUMMARY, ETC.
Summary, etc While public service motivation theory suggests that public sector employees have higher levels of intrinsic motivation, average pay levels in the public sector are not lower, so public sector employees also value financial incentives. We investigate the relationship of financial incentives with effort (measured with unpaid overtime) for public versus private sector employees using a UK sample. Bonuses are used much less in the public sector, but their relationship with effort is not different between sectors. Public sector employees exert more effort when base pay is higher and do so to a somewhat higher extent than private sector employees. However, public sector employees increase effort more when effort is an important promotion criterion and when perceived job security is higher. Thus, implicit incentives resulting from being in a secure job and developing in that job are more effective for public sector employees than for private sector employees.- Reproduced
https://onlinelibrary.wiley.com/doi/10.1111/puar.13691
773 ## - HOST ITEM ENTRY
Main entry heading Public Administration Review
906 ## - LOCAL DATA ELEMENT F, LDF (RLIN)
Subject DIP MOTIVATION
942 ## - ADDED ENTRY ELEMENTS (KOHA)
Item type Articles
Holdings
Withdrawn status Lost status Source of classification or shelving scheme Damaged status Not for loan Permanent location Current location Date acquired Serial Enumeration / chronology Barcode Date last seen Koha item type
          Indian Institute of Public Administration Indian Institute of Public Administration 2024-06-13 84(2), Mar-Apr, 2024: p.233-247 AR132240 2024-06-13 Articles

Powered by Koha